| 000 | 00483nam a2200181Ia 4500 | ||
|---|---|---|---|
| 999 |
_c28792 _d28792 |
||
| 003 | OSt | ||
| 005 | 20201216103243.0 | ||
| 008 | 190216s9999||||xx |||||||||||||| ||und|| | ||
| 020 | _a8189415158 | ||
| 040 | _coclc | ||
| 082 |
_a894.8121 _bKAN/A |
||
| 100 |
_aKanimol _97556 |
||
| 245 | 0 |
_aAaroodam / _cKanimol |
|
| 260 |
_bUnma Publications, _aAlappuzha: _c2005. |
||
| 300 | _a58p | ||
| 650 | _aKavitha | ||
| 942 |
_cBK _2ddc _h894.8121 _iKAN/A _k894.8121 _mKAN/A |
||